| 000 | 00473nam a2200157 i 4500 | ||
|---|---|---|---|
| 001 | 38123 | ||
| 003 | ES-MaACL | ||
| 005 | 20230906155713.0 | ||
| 007 | t| | ||
| 008 | 030224s1919 sp ||||1| spa d | ||
| 100 | 1 |
_aCabello y Lapiedra, Luis María. _933183 |
|
| 245 | 1 | 0 |
_aCisneros y la cultura española / _cLuis María Cabello Lapiedra. |
| 260 |
_aMadrid : _b[s.n.], _c1919 ( _fTip. Fontana y Marin) |
||
| 300 |
_a93 p. : _bil. ; _c22 cm. |
||
| 852 |
_aES-MaACL _j1604-F-19 |
||
| 999 |
_c38123 _d38123 |
||